000 01185cac a22002891u 4500
090 _c5129
008 081102t2005 xxu||||| |||| 00| 0 eng d
010 _a 2005047097
020 _a9780521854832
020 _a0521854830
020 _a9780521671057 (pbk.)
020 _a0521671051 (pbk.)
082 0 0 _a300.15195
_bFRE
100 _aFreedman, David A.
_9709
245 1 0 _aStatistical Models :
_bTheory and Practice /
_cDavid A. Freedman.
260 _aCambridge ;
_aNew York :
_bCambridge University Press,
_cc2005.
300 _ax, 414 p. :
_bill. ;
_c25 cm.
504 _aIncludes bibliographical references and index.
650 0 _aMedical statistics
_xMethodology.
_9711
650 0 _aStatistics
_xMethodology.
_9713
650 0 _9710
_aSocial sciences
_xStatistics
_xMethodology
650 0 _9712
_aRegression analysis
856 4 2 _3Publisher description
_uhttp://www.loc.gov/catdir/enhancements/fy0633/2005047097-d.html
856 4 2 _3Table of contents only
_uhttp://www.loc.gov/catdir/enhancements/fy0633/2005047097-t.html
856 4 2 _3Contributor biographical information
_uhttp://www.loc.gov/catdir/enhancements/fy0733/2005047097-b.html
942 _cBB
_k300.15195FRE
_2ddc
999 _c5129
_d5129